El léxico del autor : seminario en la École practique des hautes études, 1973-1974. Seguido de fragmentos inéditos de Roland Barthes por Roland Barthes /
Guardado en:
| Autor Principal: | |
|---|---|
| Otros Autores: | , , |
| Formato: | Libro |
| Publicado: |
Buenos Aires :
Eterna Cadencia,
2023.
|
| Materias: | |
| Etiquetas: |
Agregar Etiqueta
Sin Etiquetas, Sea el primero en etiquetar este registro!
|
| LEADER | 00893nam a22002175a 4500 | ||
|---|---|---|---|
| 001 | EHU.bham051721 | ||
| 008 | 230925s2023##################000#0#####d | ||
| 005 | 20231031111303.0 | ||
| 245 | 1 | 0 | |a El léxico del autor : |b seminario en la École practique des hautes études, 1973-1974. Seguido de fragmentos inéditos de Roland Barthes por Roland Barthes / |c Roland Barthes ; trad. por Alan Pauls ; pról. de Éric Marty ; presentación y ed. de Anne Herschberg Pierrot. |
| 260 | |a Buenos Aires : |b Eterna Cadencia, |c 2023. | ||
| 300 | |a 464 p. | ||
| 020 | |a 9789877122978 | ||
| 100 | 1 | |a Barthes, Roland | |
| 700 | 1 | |a Pauls, Alan, trad. | |
| 700 | 1 | |a Marty, Éric, pról. | |
| 700 | 1 | |a Herschberg Pierrot, Anne, ed. | |
| 082 | 8 | 0 | |a 808 B282-10 |
| 653 | |a Literatura-estudios | ||
| 653 | |a Crítica literaria | ||
| 653 | |a Seminarios literarios | ||
| 859 | |a AR-BHAM |b BIB. HUMANIDADES - General |h 808 |i B282-10 |p 573.23 | ||
